Statistics for Countries Closest to Malta - 30 Second Sprint

Click here to take the quiz!

General Stats

  • This quiz has been taken 45 times
  • The average score is 11 of 20

Answer Stats

kmcountrymiles% Correct
81Italy50
100%
585Greece363
88%
963Spain598
85%
288Tunisia179
82%
340Libya211
79%
502Algeria312
71%
727France452
68%
638Albania396
65%
665Vatican City413
65%
882San Marino548
62%
1074Egypt667
59%
793Croatia493
41%
1028Monaco639
41%
777Macedonia483
32%
848Kosovo527
29%
778Montenegro483
29%
803Bosnia and
Herzegovina
499
26%
919Serbia571
26%
1041Slovenia647
26%
949Bulgaria590
18%

Score Distribution

Percentile by Number Answered

Percent of People with Each Score

Your Score History

You have not taken this quiz